<?xml version="1.0" encoding="UTF-8"?>
<record
    xmlns:xsi="http://www.w3.org/2001/XMLSchema-instance"
    xsi:schemaLocation="http://www.loc.gov/MARC21/slim http://www.loc.gov/standards/marcxml/schema/MARC21slim.xsd"
    xmlns="http://www.loc.gov/MARC21/slim">

  <leader>02184njm a2200301Ia 4500</leader>
  <controlfield tag="001">20390</controlfield>
  <controlfield tag="003">IT-RoPAU</controlfield>
  <controlfield tag="005">20220918181135.0</controlfield>
  <controlfield tag="008">131025s9999    xx            000 0 und d</controlfield>
  <datafield tag="040" ind1=" " ind2=" ">
    <subfield code="a">IT-RoPAU</subfield>
  </datafield>
  <datafield tag="040" ind1=" " ind2=" ">
    <subfield code="c">IT-RoPAU</subfield>
  </datafield>
  <datafield tag="041" ind1=" " ind2=" ">
    <subfield code="a">ITALIANO</subfield>
  </datafield>
  <datafield tag="999" ind1=" " ind2=" ">
    <subfield code="c">100851</subfield>
    <subfield code="d">100851</subfield>
  </datafield>
  <datafield tag="999" ind1=" " ind2=" ">
    <subfield code="b">n.d.</subfield>
  </datafield>
  <datafield tag="100" ind1=" " ind2=" ">
    <subfield code="a">Piccinelli Nino</subfield>
    <subfield code="9">1496</subfield>
  </datafield>
  <datafield tag="100" ind1=" " ind2=" ">
    <subfield code="e">Autore musica</subfield>
    <subfield code="9">1497</subfield>
  </datafield>
  <datafield tag="100" ind1=" " ind2=" ">
    <subfield code="g">Codice autore musica SPICS:  1106</subfield>
    <subfield code="9">1498</subfield>
  </datafield>
  <datafield tag="245" ind1=" " ind2=" ">
    <subfield code="a">Ta-pum ta-pum ta-pum 34 canti di trincea trascritti da Nino Piccinelli (4 Lp )</subfield>
  </datafield>
  <datafield tag="250" ind1=" " ind2=" ">
    <subfield code="a">1a ed.</subfield>
  </datafield>
  <datafield tag="260" ind1=" " ind2=" ">
    <subfield code="a">ROMA</subfield>
  </datafield>
  <datafield tag="260" ind1=" " ind2=" ">
    <subfield code="b">SANZIO</subfield>
    <subfield code="c">1967 [1a Ed.:1967 - Ed. Lingua Orig.: 1967]</subfield>
  </datafield>
  <datafield tag="300" ind1=" " ind2=" ">
    <subfield code="a">DISCO</subfield>
  </datafield>
  <datafield tag="300" ind1=" " ind2=" ">
    <subfield code="c">  (Testo: 220 pag.)</subfield>
  </datafield>
  <datafield tag="500" ind1=" " ind2=" ">
    <subfield code="a">Hanno collaborato alla registrazione: Gino-Nucci per l'esecuzione e Gianluigi Gazzetti per i commenti. Allegato ai quattro lp un volume di documentazione sul cinquantenario della vittoria 1918-1968. Ultima guerra del Risorgimento; martiri e eroi, volontari garibaldini. Armi e uomini che vinsero la guerra: fanti, granatieri, bersaglieri, alpini, arditi, artiglieri, cavalleggeri, marinai, aviatori, genieri, carabinieri, finanzieri. Servizi medaglie d'oro al valore militare conferite alle armi e agli uomini della vittoria. Bandiere decorate di medaglia d'oro. Milite ignoto. Diari di guerra rinvenuti sui campi di battaglia. Canzoni di trincea</subfield>
  </datafield>
  <datafield tag="505" ind1=" " ind2=" ">
    <subfield code="a">Ta-Pum (stornelli in grigio-verde): Terresina - Il testamento - La tradotta - Di qu&#xE0; di l&#xE0; dal ponte - Mi sun alpin - Olin Bevin - Dove te vet o Mariettina - Oh Dio del cielo - Strofette sfottitorie - Dove sei stato? - La penna nera - O cebiel chischiel a Udin - I tre alpin - Mariol&#xE0; - In licenza - All'ospedale di Genova - Ce bielis maninis - Stornellata romanesca - Il testamento - I tuoi capelli - Quel mazzolin di fiori - Sul ponte di Bassano - La morettina - Marcetta mediterranea - Montenero - Stamattina mi sono alzata - La giornata del soldato - Traiti fur ninine biele - Il 29 giugno - I congedati - O macchinista - Congedo - Ai preat la biele stele. </subfield>
  </datafield>
  <datafield tag="650" ind1=" " ind2=" ">
    <subfield code="a">FOLK ITALIANO [DISCHI]</subfield>
    <subfield code="e">Codice MATERIA SPICS: 9950</subfield>
    <subfield code="9">1499</subfield>
  </datafield>
  <datafield tag="700" ind1=" " ind2=" ">
    <subfield code="a">Piccinelli Nino</subfield>
    <subfield code="g">Codice autore SPICS:  1106</subfield>
    <subfield code="e">Autore</subfield>
    <subfield code="9">1500</subfield>
  </datafield>
  <datafield tag="942" ind1=" " ind2=" ">
    <subfield code="c">MD</subfield>
    <subfield code="2">ddc</subfield>
  </datafield>
  <datafield tag="952" ind1=" " ind2=" ">
    <subfield code="0">0</subfield>
    <subfield code="1">0</subfield>
    <subfield code="4">0</subfield>
    <subfield code="6">20390_000000000000000</subfield>
    <subfield code="7">1</subfield>
    <subfield code="a">SPICS</subfield>
    <subfield code="b">SPICS</subfield>
    <subfield code="d">2013-10-25</subfield>
    <subfield code="l">0</subfield>
    <subfield code="o">20390</subfield>
    <subfield code="r">2013-10-25 00:00:00</subfield>
    <subfield code="w">2013-10-25</subfield>
    <subfield code="y">MD</subfield>
    <subfield code="z">Progr. Ins.: 3701 / N.Vol.: 4 / Copie: 1 - Copia rara: n.d. / date import: 01.01.2014 - By Epidotti, Trombetti, Vaglietti</subfield>
  </datafield>
</record>
